Redacción dos
Guardado en:
| Autor principal: | |
|---|---|
| Formato: | Libro |
| Lenguaje: | Undetermined |
| Publicado: |
México, Distrito Federal
Diana
1978
|
| Materias: | |
| Etiquetas: |
Agregar Etiqueta
Sin Etiquetas, Sea el primero en etiquetar este registro!
|
MARC
| LEADER | 00000nam a2200000Ia 4500 | ||
|---|---|---|---|
| 008 | 170316s9999 xx 000 0 und d | ||
| 090 | |a 415-E D-1r | ||
| 100 | |a Domínguez, Luis Adolfo | ||
| 245 | |a Redacción dos | ||
| 260 | |a México, Distrito Federal | ||
| 260 | |b Diana | ||
| 260 | |c 1978 | ||
| 300 | |a 173 páginas | ||
| 650 | |a GRAMÁTICA ESPAÑOLA | ||
| 999 | |c 18944 |d 18944 | ||
| 040 | |a cru BVZT | ||
| 942 | |c 15 D |h 415-E D-1r |2 z | ||
